000 nam a22 a 4500
999 _c1680
_d1680
003 AKMAL
005 20170511123233.0
008 170511 1989 my da g 000 eng d
020 _a9679928144
039 9 _a200907091621
_bavid1
_c200904151251
_david1
040 _aAKMAL
082 0 4 _a331.09 WON
_221
090 0 0 _a331.09
_bWON
245 0 0 _aStrategies for industrial development :
_bconcept and policy issues /
_cedited by Suh Jang-Won
260 _aKuala Lumpur :
_bAsian and Pacific Development Centre ,
_c1989
300 0 0 _a406p. ;
_c25cm.
650 _aEconomic policy
_93401
700 _aSuh, Jang-Won
_93446
942 _2ddc
_cBOOK